000 01594nmc a2200505 a 4500
003 AR-BaBNM
005 20251128204523.0
008 205019s1992 ||||||||||||||000 | spa||
020 _a950-40-0046-0
040 _cAR-BaBNM
100 1 _aFoucault, Michel
245 1 0 _aUn diálogo sobre el poder y otras conversaciones
250 _a2ª ed.
260 _aBuenos Aires
_aMadrid
_bAlianza editorial
_bMateriales
_c1992
300 1 _avii, 164 p.
490 0 _aLibro de Bolsillo
_vv. 816
500 1 _aContiene siete conversaciones de Michel Foucault con distintos interlocutores sobre el poder, justicia popular, encierro penintenciario, poderes y estrategias, encierro, psiquiatría, prisión, verdad y poder, sexualidad
600 1 4 _aDeleuze, Gilles
600 1 4 _aCooper, David
_d1931-1986
600 1 4 _aFaye, Marie Odile
600 1 4 _aFaye, Jean-pierre
600 1 4 _aZecca, Marine
600 1 4 _aFontana, M.
600 1 4 _aHenry-levy, Bernard
650 4 _aHISTORIA SOCIAL
650 4 _aABUSO DE PODER
650 4 _aPODER POLITICO
650 4 _aPRISIONES
650 4 _aHISTORIA CULTURAL
650 4 _aDERECHOS CIVILES Y POLITICOS
650 4 _aSISTEMAS POLITICOS
650 4 _aTEORIA POLITICA
650 4 _aHISTORIA POLITICA
650 4 _aDERECHO A LA JUSTICIA
650 4 _aSEXUALIDAD
650 4 _aSOCIOLOGIA POLITICA
650 4 _aENTREVISTAS
650 4 _aPSIQUIATRIA
650 4 _aSIGLO VEINTE
650 4 _aCULTURA CONTEMPORANEA
650 4 _aSOCIOLOGIA CULTURAL
700 1 _aMorey, Miguel
_eprologuista
942 _cBK
998 _cEthel
999 _c7755
_d7755